Rozpoznaj twórce po fragmentach piosenek. - Statystyki

Ogólne statystyki
  • Ten quiz został rozwiązany 227 razy
  • Średni wynik to 8 z 15
Statystyki odpowiedzi
Hint Odpowiedź % Poprawnych
,,KUUUUU*WAAA! PUŚĆ TO NA PODWÓRKACH! CIĄGLE JESTEM GŁODNY TAK JAK GUSTAW!'' Bedoes
90%
,,Plecak pełen cashu wypełniony aż po brzegi, auto pędzi, samo zmienia biegi.'' Multi
89%
,,Ona wybacza moje wady, wybacza błędy. Rozumie moje dziaby i złote zęby. Odbijam zwykłych typów w mig, gdy chcę polatać z nią, z moją malutką Candy, mam od niej plakat z Blow.'' Quebonafide
82%
,, Kiedy wieczór zmienia się w świt, coś dobija się do mych drzwi, ej, ej, nostalgia...'' Taco Hemingway
81%
,,Pi*da prosto, nie patrzę za siebie. Mówisz sztos, ja słyszę 1.1. Robię wrrum jak RS7, wrrum jak RS7, wrrum jak RS7.'' Reto
79%
,,Dzisiaj olewam te księżniczki, bo dzisiaj inaczej patrzą na nas. Gdyby wiedziały co przeszliśmy ziom, inaczej by patrzyły na nas.'' Żabson
77%
,,Płuca zlepione topami, leżę tak tygodniami. Mała jesteś taka przyłóż do rany, nie umiem ciągle być taki.'' Guzior
71%
,,Te chińskie bajki ciągle robiły mój sen. Nie czytam mangi, Rasengan wali mnie w łeb. Jak idę tańczyć, to jakbym walczył o tlen. Te chińskie znaczki, niby je kumam, a nie.'' Szpaku
67%
,,To nie tak, że się zgrywam, naprawdę nie lubię ludzi. Skarbie, dawaj mi buzi ( Skarbie, dawaj mi buzi ).'' Young Igi
67%
,,Mała błagam, powiedz przestań, niech nie wyjdzie ze mnie bestia!'' Kamerzysta
32%
,,Nigdy nie było miejsca w moim życiu dla Ciebie, wolałem znów uciekać, daj mi swe zrozumienie. Nie miałem czasu, by powiedzieć tego Ci, lecz teraz widzę twój blask.'' Smolasty
25%
,, Nie ma już z nami ludzi, którzy byli blisko nas. Muszę się w końcu obudzić, zaczynam marnować czas. Chciałbym go więcej mieć, chcę widzieć Cię obok mnie.'' Merghani
19%
,,Liczę sobie kwit, później liczę sobie siano, liczę sobie wszystko o czym ciągle inni nawijają.'' Zebo
17%
,, Białe nike, za blokiem palone fajki, gramy w te counter strike. Noszone CK majtki, z nudów zagrajmy w statki. Przez ten cały czas na nogach białe brudne nike.'' Cheatz
16%
,, Oni śmiali się ze mnie, teraz coś chcą ode mnie, nie płacz kiedy odejdę, nie płacz kiedy odejdę.'' Czuux
8%
Nie znaleziono quizów pasujących do podanych kryteriów
Rozkład punktacji
Procent ludzi z każdym wynikiem
Percentyl według liczby udzielonych odpowiedzi
Twoja historia wyników
Nie rozwiązałeś tego quizu